000 00271nam a22001217a 4500
008 171012b xxu||||| |||| 00| 0 eng d
041 _aeng
080 _22ND
_a316
100 _a50
101 _aSOC
245 _aSEX AND GENDER IN SOCIETY
_cNIELSEN,J,C
942 _2udc
_cBK
999 _c33457
_d33457